[Event "Feira de Santana Baiano-ch"]
[Site "Feira de Santana"]
[Date "2019.10.13"]
[Round "6"]
[White "Rodrigues, Clayton Marques"]
[Black "Brasil, Alberto Silveira"]
[Result "1-0"]
[WhiteElo "1926"]
[BlackElo "1976"]
[PlyCount "110"]
[EventDate "2019.10.11"]
[EventType "swiss"]
[EventRounds "6"]
[EventCountry "BRA"]
[SourceTitle "CBM 192 Extra"]
[Source "Chessbase"]
[SourceDate "2019.11.06"]
[SourceVersion "1"]
[SourceVersionDate "2019.11.06"]
[SourceQuality "1"]

1. d4 d5 2. c4 e6 3. Nc3 Nf6 4. Bg5 Nbd7 5. e3 Be7 6. cxd5 Nxd5 7. Bxe7 Qxe7 8. Nf3 Nxc3 9. bxc3 0-0 10. Bd3 e5 11. Qc2 h6 12. 0-0 Re8 13. e4 exd4 14. cxd4 c5 15. Rfe1 cxd4 16. Nxd4 a6 17. Nf5 Qe5 18. Rac1 Nf6 19. Ng3 Bd7 20. Qc5 Bc6 21. Qxe5 Rxe5 22. f3 g6 23. Ne2 Ra5 24. Bc4 Kg7 25. Nd4 Be8 26. Bb3 Rd8 27. Red1 Rd7 28. Rc8 Re7 29. Nc2 Ba4 30. Rdd8 Bxb3 31. axb3 Rb5 32. Rc3 Rd7 33. Rxd7 Nxd7 34. Kf2 Rc5 35. Rxc5 Nxc5 36. b4 Ne6 37. Ke3 Kf6 38. f4 b6 39. g4 Nc7 40. Nd4 g5 41. e5+ Kg6 42. f5+ Kg7 43. Ke4 Kf8 44. f6 Ke8 45. Nf5 Kd7 46. Nxh6 Ke6 47. Nf5 a5 48. Nd4+ Kd7 49. bxa5 bxa5 50. Nb3 Ne6 51. Nxa5 Nc5+ 52. Kf5 Nd3 53. Nc4 Ne1 54. Nd6 Nf3 55. Nxf7 Nxh2 1-0

[Event "Feira de Santana Baiano-ch"]
[Site "Feira de Santana"]
[Date "2019.10.12"]
[Round "4"]
[White "Brasil, Alberto Silveira"]
[Black "Azevedo, Edmundo Roberto Ram"]
[Result "0-1"]
[WhiteElo "1976"]
[BlackElo "1920"]
[PlyCount "47"]
[EventDate "2019.10.11"]
[EventType "swiss"]
[EventRounds "6"]
[EventCountry "BRA"]
[SourceTitle "CBM 192 Extra"]
[Source "Chessbase"]
[SourceDate "2019.11.06"]
[SourceVersion "1"]
[SourceVersionDate "2019.11.06"]
[SourceQuality "1"]

1. e4 d5 2. exd5 Qxd5 3. Nc3 Qd8 4. d4 c6 5. Nf3 Bg4 6. Be2 e6 7. 0-0 Nf6 8. Bg5 Be7 9. Qd2 0-0 10. Rad1 Nbd7 11. Rfe1 Qa5 12. h3 Bf5 13. Nh4 Bxc2 14. Rc1 Bg6 15. Nxg6 fxg6 16. Bf3 Qd8 17. a3 Nd5 18. Bxe7 Nxe7 19. b4 a6 20. Ne4 Nd5 21. Ng5 Qf6 22. g3 Rfe8 23. Re4 Nf8 24. h4 0-1

[Event "Joao Pessoa Fischer Memorial 10th"]
[Site "Joao Pessoa"]
[Date "2019.03.31"]
[Round "5"]
[White "Brasil, Alberto Silveira"]
[Black "Leitao, Nicolau Daulibe"]
[Result "0-1"]
[WhiteElo "1962"]
[BlackElo "2113"]
[PlyCount "76"]
[EventDate "2019.03.29"]
[EventType "swiss"]
[EventRounds "6"]
[EventCountry "BRA"]
[SourceTitle "CBM 190 Extra"]
[Source "ChessBase"]
[SourceDate "2019.07.15"]
[SourceVersion "1"]
[SourceVersionDate "2019.07.15"]
[SourceQuality "1"]

1. e4 c5 2. Nf3 d6 3. d4 cxd4 4. Nxd4 Nf6 5. Nc3 a6 6. Bc4 e6 7. Bb3 Nbd7 8. f4 Nc5 9. Qf3 b5 10. e5 Bb7 11. Qe2 dxe5 12. fxe5 Nfe4 13. Nxe4 Qh4+ 14. Qf2 Qxe4+ 15. Be3 Qxg2 16. Rf1 Qxf2+ 17. Bxf2 g6 18. 0-0-0 Nxb3+ 19. Nxb3 Rc8 20. Bh4 Be4 21. Nd4 Rc4 22. Rfe1 Bxc2 23. Nxc2 Rxh4 24. Re2 Bh6+ 25. Kb1 Ke7 26. Nd4 Rc8 27. a3 Rc4 28. Nb3 Bf4 29. Rd6 Bxe5 30. Rxa6 Bxh2 31. Rb6 Rh5 32. Na5 Rc7 33. Nc6+ Kd7 34. Rd2+ Rd5 35. Rxh2 Rxc6 36. Rb7+ Rc7 37. Rxc7+ Kxc7 38. Rxh7 Rf5 0-1

[Event "Joao Pessoa Fischer Memorial 10th"]
[Site "Joao Pessoa"]
[Date "2019.03.30"]
[Round "4"]
[White "Pereira, Silvio Cunha"]
[Black "Brasil, Alberto Silveira"]
[Result "1-0"]
[WhiteElo "2241"]
[BlackElo "1962"]
[PlyCount "55"]
[EventDate "2019.03.29"]
[EventType "swiss"]
[EventRounds "6"]
[EventCountry "BRA"]
[SourceTitle "CBM 190 Extra"]
[Source "ChessBase"]
[SourceDate "2019.07.15"]
[SourceVersion "1"]
[SourceVersionDate "2019.07.15"]
[SourceQuality "1"]

1. e4 c5 2. Nf3 d6 3. d4 cxd4 4. Nxd4 Nf6 5. Nc3 a6 6. Bg5 e6 7. f4 Nbd7 8. Qe2 Qc7 9. 0-0-0 Be7 10. g4 b5 11. Bxf6 Nxf6 12. g5 Nd7 13. f5 Ne5 14. Rg1 Bd7 15. a3 0-0-0 16. fxe6 fxe6 17. Bh3 Rde8 18. Nxe6 Bxe6 19. Bxe6+ Kb8 20. Bd5 Rc8 21. Nxb5 axb5 22. Qxb5+ Ka7 23. Qa4+ Kb6 24. Rg3 Bxg5+ 25. Rxg5 Qe7 26. Qb4+ Ka6 27. Rxe5 Qxe5 28. Qb7+ 1-0

[Event "Joao Pessoa Fischer Memorial 10th"]
[Site "Joao Pessoa"]
[Date "2019.03.29"]
[Round "1"]
[White "Brasil, Alberto Silveira"]
[Black "Gomes, Annyara da Silva"]
[Result "1-0"]
[WhiteElo "1962"]
[BlackElo "1401"]
[PlyCount "81"]
[EventDate "2019.03.29"]
[EventType "swiss"]
[EventRounds "6"]
[EventCountry "BRA"]
[SourceTitle "CBM 190 Extra"]
[Source "ChessBase"]
[SourceDate "2019.07.15"]
[SourceVersion "1"]
[SourceVersionDate "2019.07.15"]
[SourceQuality "1"]

1. e4 e6 2. d4 d5 3. Nc3 Nc6 4. Nf3 dxe4 5. Nxe4 h6 6. Be2 Nf6 7. Nxf6+ Qxf6 8. 0-0 Bd6 9. c3 0-0 10. b4 e5 11. d5 Ne7 12. Qb3 e4 13. Nd4 Qe5 14. g3 Nxd5 15. Bc4 Nf6 16. Bf4 Qh5 17. Bxd6 cxd6 18. Rfe1 Bh3 19. Be2 Bg4 20. Bf1 Bf3 21. Bg2 Ng4 22. h3 Bxg2 23. Kxg2 Nf6 24. c4 Qg5 25. Rad1 h5 26. Nb5 b6 27. Nxd6 Qe5 28. Qc2 Rad8 29. Nxe4 Rxd1 30. Nxf6+ Qxf6 31. Rxd1 Qc6+ 32. Kg1 Qe6 33. Kg2 Rc8 34. Rd4 g6 35. Qe4 Qxe4+ 36. Rxe4 Kf8 37. Kf3 f5 38. Rd4 Ke7 39. Ke3 Ke6 40. Kd3 g5 41. h4 1-0

[Event "Joao Pessoa Fischer Memorial 10th"]
[Site "Joao Pessoa"]
[Date "2019.03.29"]
[Round "2"]
[White "Gomes, Carlos"]
[Black "Brasil, Alberto Silveira"]
[Result "0-1"]
[WhiteElo "1555"]
[BlackElo "1962"]
[PlyCount "61"]
[EventDate "2019.03.29"]
[EventType "swiss"]
[EventRounds "6"]
[EventCountry "BRA"]
[SourceTitle "CBM 190 Extra"]
[Source "ChessBase"]
[SourceDate "2019.07.15"]
[SourceVersion "1"]
[SourceVersionDate "2019.07.15"]
[SourceQuality "1"]

1. e4 c5 2. Nc3 Nc6 3. a3 e6 4. Nf3 a6 5. d4 cxd4 6. Nxd4 Qc7 7. Be2 Nf6 8. 0-0 Be7 9. Kh1 0-0 10. f4 b5 11. Nxc6 Qxc6 12. Bf3 Bb7 13. e5 Nd5 14. Nxd5 exd5 15. c3 d6 16. exd6 Bxd6 17. Be3 Rfe8 18. Qd2 Rad8 19. Rad1 Qc7 20. Rfe1 h6 21. Qf2 Rxe3 22. Qxe3 Bxf4 23. Qg1 Be5 24. Rd3 f6 25. Red1 Qf7 26. g3 d4 27. Qg2 Bxf3 28. Qxf3 Rc8 29. cxd4 Bd6 30. Rc3 Rd8 31. Rdc1 0-1

[Event "Brasilia Terraviva op"]
[Site "Brasilia"]
[Date "2019.01.13"]
[Round "7"]
[White "Brasil, Alberto Silveira"]
[Black "Brito, Luismar Jorge"]
[Result "0-1"]
[WhiteElo "1979"]
[BlackElo "2335"]
[PlyCount "82"]
[EventDate "2019.01.10"]
[EventType "swiss"]
[EventRounds "7"]
[EventCountry "BRA"]
[SourceTitle "CBM 188 Extra"]
[Source "ChessBase"]
[SourceDate "2019.02.26"]
[SourceVersion "1"]
[SourceVersionDate "2019.02.26"]
[SourceQuality "1"]

1. e4 c5 2. Nf3 d6 3. d4 cxd4 4. Nxd4 Nf6 5. Nc3 a6 6. Bc4 e6 7. Bb3 Nbd7 8. 0-0 Nc5 9. Re1 Be7 10. f4 0-0 11. Kh1 Qc7 12. Qf3 Nxb3 13. axb3 Bd7 14. f5 e5 15. Nde2 Bc6 16. Bg5 Nxe4 17. Bxe7 Nxc3 18. Bxd6 Qxd6 19. Qxc3 Rfd8 20. Ng3 Rac8 21. Qxe5 Qh6 22. Qe3 Qxe3 23. Rxe3 Rd2 24. Re2 Rxe2 25. Nxe2 Be4 26. Nd4 Bxc2 27. Kg1 Kf8 28. Kf2 Be4 29. g4 Bd5 30. Ra5 Rd8 31. Ke3 Ke7 32. g5 Kd6 33. Ra1 Re8+ 34. Kd3 Re4 35. Rg1 Rh4 36. Rg3 Rxh2 37. Kc3 Rg2 38. Rh3 Rxg5 39. Rxh7 Rg3+ 40. Kc2 Ke5 41. Ne2 Rg2 0-1

[Event "Bahia-ch final"]
[Site "Juazeiro do Norte"]
[Date "2018.10.14"]
[Round "5"]
[White "Zallio, Luciano de Souza"]
[Black "Brasil, Alberto Silveira"]
[Result "1-0"]
[WhiteElo "2227"]
[BlackElo "1982"]
[PlyCount "77"]
[EventDate "2018.10.12"]
[EventType "swiss"]
[EventRounds "6"]
[EventCountry "BRA"]
[SourceTitle "CBM 187 Extra"]
[Source "ChessBase"]
[SourceDate "2018.11.04"]
[SourceVersion "1"]
[SourceVersionDate "2018.11.04"]
[SourceQuality "1"]

1. d4 Nf6 2. Nf3 g6 3. e3 Bg7 4. c4 c5 5. Nc3 cxd4 6. exd4 0-0 7. Be2 b6 8. b4 Nc6 9. Qb3 d6 10. Bb2 Bb7 11. 0-0 Qc8 12. Rac1 e5 13. dxe5 dxe5 14. Nd5 Re8 15. Rfd1 Nd4 16. Nxd4 exd4 17. Bf3 Nxd5 18. cxd5 Qd7 19. Bxd4 Bxd4 20. Rxd4 Qd6 21. g3 Rad8 22. Kg2 Re5 23. Rcd1 f5 24. Qd3 g5 25. h3 Kg7 26. Qd2 h6 27. Kg1 a6 28. Bg2 Kf6 29. h4 Rde8 30. f4 Re2 31. fxg5+ Kg6 32. h5+ Kh7 33. g6+ Kg7 34. Qc3 Kg8 35. Qf3 Bc8 36. Qf4 Qxf4 37. gxf4 Rxa2 38. d6 Be6 39. Re1 1-0

[Event "Salvador Bahia-ch"]
[Site "Salvador"]
[Date "2017.12.16"]
[Round "2"]
[White "Brasil, Alberto Silveira"]
[Black "Pereira Fo, Hildebrando Apolon"]
[Result "1-0"]
[WhiteElo "2008"]
[BlackElo "1627"]
[PlyCount "63"]
[EventDate "2017.12.15"]
[EventType "swiss"]
[EventRounds "5"]
[EventCountry "BRA"]
[SourceTitle "CBM 182 Extra"]
[Source "ChessBase"]
[SourceDate "2018.02.23"]
[SourceVersion "1"]
[SourceVersionDate "2018.02.23"]
[SourceQuality "1"]

1. e4 c5 2. Nf3 d6 3. d4 cxd4 4. Nxd4 g6 5. Nc3 Bg7 6. Be3 Nc6 7. Qd2 Nf6 8. f3 Bd7 9. Bc4 a6 10. 0-0-0 Rc8 11. Bb3 Na5 12. Bh6 0-0 13. h4 Nxb3+ 14. Nxb3 Nh5 15. Bxg7 Kxg7 16. g4 Nf6 17. h5 Be6 18. hxg6 fxg6 19. Nd4 Bg8 20. e5 Qa5 21. exf6+ Rxf6 22. Ne4 Qxa2 23. Qh6+ Kf7 24. Nxf6 Kxf6 25. Qh4+ Kf7 26. Rhe1 e5 27. Nf5 gxf5 28. Rxd6 Qa1+ 29. Kd2 Qa5+ 30. c3 Rc5 31. Rd7+ Kg6 32. Qh5+ 1-0

[Event "Recife Arraes Memorial 10th"]
[Site "Recife"]
[Date "2017.10.06"]
[Round "2"]
[White "Brasil, Alberto Silveira"]
[Black "Santiago, Yago de Moura"]
[Result "0-1"]
[WhiteElo "2017"]
[BlackElo "2507"]
[PlyCount "82"]
[EventDate "2017.10.06"]
[EventType "swiss"]
[EventRounds "6"]
[EventCountry "BRA"]
[SourceTitle "CBM 181 Extra"]
[Source "ChessBase"]
[SourceDate "2017.12.12"]
[SourceVersion "1"]
[SourceVersionDate "2017.12.12"]
[SourceQuality "1"]

1. e4 c5 2. Nf3 e6 3. d4 cxd4 4. Nxd4 a6 5. Nc3 b5 6. Bd3 Bb7 7. 0-0 Qc7 8. Re1 Bc5 9. Nb3 Be7 10. Qg4 g6 11. Bf4 d6 12. e5 d5 13. a4 b4 14. Ne2 h5 15. Qg3 h4 16. Qe3 Qd8 17. Nc5 Bc8 18. Ne4 dxe4 19. Bxe4 g5 20. Bxa8 gxf4 21. Qa7 Bd7 22. Rad1 Qc8 23. Bb7 Qc7 24. Nd4 Bc5 25. Qa8 Ne7 26. Bxa6 Bxd4 27. Rxd4 Bc6 28. Bb5 0-0 29. Rc4 Qb6 30. Rxc6 Nbxc6 31. Qa6 Qxa6 32. Bxa6 Ra8 33. Bb5 Nd4 34. c3 Nxb5 35. axb5 bxc3 36. bxc3 Rc8 37. Rc1 Nd5 38. c4 Rc5 39. Kf1 Nb6 40. Ke2 Nxc4 41. b6 Rxe5+ 0-1

[Event "Joao Pessoa Fischer Memorial 8th"]
[Site "Joao Pessoa"]
[Date "2017.03.19"]
[Round "6"]
[White "Brasil, Alberto Silveira"]
[Black "Da Paixao, Irineu Vieira"]
[Result "1-0"]
[WhiteElo "2046"]
[BlackElo "1707"]
[PlyCount "107"]
[EventDate "2017.03.17"]
[EventType "swiss"]
[EventRounds "6"]
[EventCountry "BRA"]
[SourceTitle "EXT 2018"]
[Source "ChessBase"]
[SourceDate "2017.10.13"]
[SourceVersion "1"]
[SourceVersionDate "2017.10.13"]
[SourceQuality "1"]

1. e4 Nf6 2. e5 Nd5 3. d4 e6 4. Nf3 Be7 5. Bc4 Nb6 6. Bd3 Nc6 7. c3 d6 8. exd6 cxd6 9. 0-0 Nd5 10. Re1 Bd7 11. Nbd2 Nf4 12. Bc2 Qc7 13. Ne4 Ng6 14. d5 exd5 15. Qxd5 Be6 16. Qh5 0-0-0 17. Be3 Qd7 18. h3 Kb8 19. Rad1 Qc8 20. a4 Nge5 21. Nd4 g6 22. Qe2 Bc4 23. Qd2 h6 24. b3 Be6 25. f4 Nd7 26. Qf2 Nb6 27. Nb5 Nd5 28. Bxa7+ Ka8 29. a5 Rd7 30. Bb6 f5 31. Nd2 Bf7 32. Nc4 Nf6 33. Nbxd6 Qb8 34. Bc5 Bxc4 35. Nxc4 Rxd1 36. Rxd1 Qf8 37. Bxe7 Qxe7 38. Qb6 Rd8 39. Rxd8+ Qxd8 40. Qxd8+ Nxd8 41. Ne5 Nd5 42. Nxg6 Nxc3 43. Bxf5 Ne2+ 44. Kf2 Nd4 45. Be4 Nxb3 46. a6 Nc5 47. axb7+ Ndxb7 48. Ke3 Kb8 49. Bxb7 Kxb7 50. Kd4 Kc6 51. Ke5 Nd3+ 52. Ke6 Ne1 53. f5 Nxg2 54. f6 1-0

[Event "Bahia-ch final"]
[Site "Paulo Afonso"]
[Date "2017.01.22"]
[Round "6"]
[White "Brasil, Alberto Silveira"]
[Black "Zallio, Luciano de Souza"]
[Result "0-1"]
[WhiteElo "2039"]
[BlackElo "2221"]
[PlyCount "52"]
[EventDate "2017.01.20"]
[EventType "swiss"]
[EventRounds "6"]
[EventCountry "BRA"]
[SourceTitle "EXT 2018"]
[Source "ChessBase"]
[SourceDate "2017.10.13"]
[SourceVersion "1"]
[SourceVersionDate "2017.10.13"]
[SourceQuality "1"]

1. e4 c5 2. Nf3 e6 3. d4 cxd4 4. Nxd4 a6 5. Bd3 Nc6 6. c3 Bc5 7. Bc2 Qb6 8. 0-0 Nxd4 9. cxd4 Bxd4 10. Bb3 Ne7 11. Nd2 Nc6 12. Nc4 Qc7 13. Kh1 b5 14. Ne3 0-0 15. f4 Qb6 16. Rf3 Na5 17. Rh3 g6 18. e5 Nxb3 19. axb3 f5 20. Qf3 Bb7 21. Qg3 Rac8 22. Qh4 Rf7 23. Bd2 Qc5 24. Rg3 d6 25. exd6 Qxd6 26. Rf1 Bf6 0-1

[Event "Baianos-ch"]
[Site "Salvador"]
[Date "2015.10.10"]
[Round "3"]
[White "Brasil, Alberto Silveira"]
[Black "Zallio, Luciano de Souza"]
[Result "1-0"]
[WhiteElo "2020"]
[BlackElo "2121"]
[PlyCount "103"]
[EventDate "2015.10.09"]
[EventType "swiss"]
[EventRounds "7"]
[EventCountry "BRA"]
[SourceTitle "EXT 2022"]
[Source "ChessBase"]
[SourceDate "2021.10.06"]
[SourceVersion "1"]
[SourceVersionDate "2021.10.06"]
[SourceQuality "1"]

1. e4 e6 2. d4 d5 3. Nc3 Nf6 4. e5 Nfd7 5. f4 c5 6. Nf3 Nc6 7. Be3 a6 8. Qd2 b5 9. g3 Be7 10. Bg2 0-0 11. 0-0 Qb6 12. Ne2 cxd4 13. Nfxd4 Nxd4 14. Nxd4 Qc7 15. a4 bxa4 16. Rxa4 Nb6 17. Ra2 Nc4 18. Qc3 Qb6 19. Bf2 Bb4 20. Qd3 a5 21. c3 Bc5 22. b4 Bxd4 23. Bxd4 Qc7 24. Rb1 Ba6 25. b5 Bb7 26. b6 Qc6 27. Qf3 Rfb8 28. f5 exf5 29. Qxf5 Bc8 30. Qf2 Rb7 31. Bf1 Qg6 32. Rb5 Be6 33. Bxc4 dxc4 34. Raxa5 Rab8 35. Qf3 h6 36. Rb2 Bd7 37. h4 Bc6 38. Qe3 Qg4 39. Kh2 Bd7 40. Ra1 Qh3+ 41. Kg1 Bc6 42. Rh2 Qe6 43. Rf1 Re8 44. Qf4 Rd7 45. g4 Ra8 46. Rhf2 Rb7 47. Kh2 Re8 48. Kg3 Qd5 49. h5 Re6 50. g5 g6 51. Kh4 Rxb6 52. Qxf7+ 1-0

[Event "Salvador FBX BA 2nd"]
[Site "Salvador"]
[Date "2015.06.11"]
[Round "2.3"]
[White "Brasil, Alberto Silveira"]
[Black "Amaral, Caico Soares"]
[Result "1-0"]
[WhiteElo "2004"]
[BlackElo "1926"]
[PlyCount "147"]
[EventDate "2015.06.11"]
[EventType "tourn"]
[EventRounds "10"]
[EventCountry "BRA"]
[SourceTitle "EXT 2022"]
[Source "ChessBase"]
[SourceDate "2021.10.06"]
[SourceVersion "1"]
[SourceVersionDate "2021.10.06"]
[SourceQuality "1"]

1. e4 e5 2. f4 d6 3. Nf3 Bg4 4. h3 Bxf3 5. Qxf3 exf4 6. Qxf4 Qf6 7. Qe3 g6 8. Nc3 Bh6 9. Qf2 Qxf2+ 10. Kxf2 Ne7 11. Bc4 Nd7 12. Rf1 Ne5 13. Bb3 0-0 14. d4 Bxc1 15. Raxc1 N5c6 16. Rcd1 Kg7 17. Rfe1 a6 18. a3 Rad8 19. g4 b5 20. Ne2 Na5 21. Ba2 c6 22. Nf4 Rb8 23. c3 Ng8 24. Kg3 Rfe8 25. Re2 Re7 26. Rde1 Rd8 27. Nd3 Nb7 28. e5 a5 29. exd6 Rxe2 30. Rxe2 Nxd6 31. Ne5 Rc8 32. Nd3 Nf6 33. Nc5 Rc7 34. Bb1 Nd5 35. Bd3 Nb6 36. b3 a4 37. bxa4 Nxa4 38. Nxa4 bxa4 39. Rb2 Nb5 40. Bxb5 cxb5 41. Rc2 Kf6 42. Kf4 h6 43. Ke4 Ke6 44. Kd3 Kd5 45. Re2 Rb7 46. Re5+ Kd6 47. Re8 Kd7 48. Rh8 Ke7 49. Rxh6 Rb8 50. g5 Ke6 51. Rh4 Kf5 52. Rg4 Rh8 53. Rg3 Kf4 54. Re3 Kxg5 55. d5 Rc8 56. Kd4 Kf4 57. Re4+ Kf5 58. Kd3 Rc5 59. d6 Rd5+ 60. Rd4 Rxd4+ 61. Kxd4 Ke6 62. Kc5 Kd7 63. Kxb5 Kxd6 64. Kxa4 f5 65. Kb3 g5 66. Kc2 Ke5 67. Kd3 Kd5 68. a4 Kc5 69. Ke3 Kc4 70. Kf3 Kc5 71. Kg3 Kc4 72. h4 gxh4+ 73. Kxh4 Kd3 74. a5 1-0

[Event "BRA Bahia zt"]
[Site "Salvador"]
[Date "2015.06.07"]
[Round "6"]
[White "Vieira, Wilter Pereira"]
[Black "Brasil, Alberto Silveira"]
[Result "0-1"]
[WhiteElo "1870"]
[BlackElo "2004"]
[PlyCount "50"]
[EventDate "2015.06.04"]
[EventType "swiss"]
[EventRounds "7"]
[EventCountry "BRA"]
[SourceTitle "EXT 2022"]
[Source "ChessBase"]
[SourceDate "2021.10.06"]
[SourceVersion "1"]
[SourceVersionDate "2021.10.06"]
[SourceQuality "1"]

1. e4 Nf6 2. Nc3 d6 3. Bc4 g6 4. d4 Bg7 5. Bg5 0-0 6. h3 c6 7. Nf3 b5 8. Bd3 b4 9. Ne2 Nbd7 10. Qd2 c5 11. e5 Ne8 12. c3 Bb7 13. e6 fxe6 14. Nh4 e5 15. Bxg6 hxg6 16. Nxg6 Rf7 17. dxc5 Nxc5 18. Ng3 bxc3 19. bxc3 Bxg2 20. Rg1 Bf3 21. Qe3 e4 22. h4 Nd3+ 23. Kd2 Bxc3+ 24. Kxc3 Qa5+ 25. Kb3 Qb4+ 0-1

[Event "Joao Pessoa op 6th"]
[Site "Joao Pessoa"]
[Date "2015.03.13"]
[Round "1"]
[White "Brasil, Alberto Silveira"]
[Black "Da Silva Filho, Joaquim Virgolino"]
[Result "1-0"]
[WhiteElo "1991"]
[BlackElo "1624"]
[PlyCount "67"]
[EventDate "2015.03.13"]
[EventType "swiss"]
[EventRounds "6"]
[EventCountry "BRA"]
[SourceTitle "CBM 165 Extra"]
[Source "ChessBase"]
[SourceDate "2015.04.21"]
[SourceVersion "1"]
[SourceVersionDate "2015.04.21"]
[SourceQuality "1"]

1. e4 e5 2. f4 Nc6 3. Nf3 d6 4. Bc4 Be6 5. Bxe6 fxe6 6. 0-0 Nf6 7. d3 Be7 8. fxe5 Nxe5 9. Nxe5 dxe5 10. Nd2 0-0 11. Nf3 Nd7 12. Be3 c5 13. Qe1 b6 14. Qc3 Bf6 15. a4 Qc7 16. Qc4 Qd6 17. a5 Kh8 18. Ra2 Rfb8 19. axb6 axb6 20. Ra6 Qc6 21. Rfa1 Rxa6 22. Rxa6 h6 23. b4 Qb7 24. bxc5 bxc5 25. Rxe6 Qb1+ 26. Kf2 Rb2 27. Ne1 Qd1 28. Qc3 Rb1 29. Qd2 Qg4 30. Re8+ Kh7 31. Kf1 Qh4 32. Rc8 Qxh2 33. Qf2 Bh4 34. Qf5+ 1-0

[Event "Salvador Bahia"]
[Site "Salvador"]
[Date "2011.07.09"]
[Round "7.2"]
[White "Brasil, Alberto Silveira"]
[Black "Zallio, Luciano de Souza"]
[Result "0-1"]
[WhiteElo "1967"]
[BlackElo "2049"]
[PlyCount "74"]
[EventDate "2011.07.01"]
[EventType "swiss"]
[EventRounds "9"]
[EventCountry "BRA"]
[SourceTitle "EXT 2022"]
[Source "ChessBase"]
[SourceDate "2021.10.06"]
[SourceVersion "1"]
[SourceVersionDate "2021.10.06"]
[SourceQuality "1"]

1. e4 c5 2. Nf3 e6 3. d4 cxd4 4. Nxd4 a6 5. Bd3 Nf6 6. Nc3 Bb4 7. Nde2 d5 8. 0-0 0-0 9. Bg5 Be7 10. e5 Nfd7 11. Bxe7 Qxe7 12. f4 f6 13. exf6 Nxf6 14. Ng3 Nc6 15. Qd2 Bd7 16. Rae1 Qb4 17. Kh1 Rac8 18. a3 Qxb2 19. Rb1 Qxa3 20. Rxb7 Na5 21. Nb1 Qc5 22. Rb4 Nc6 23. Ra4 a5 24. Ra3 Nb4 25. Rc3 Qd6 26. Ra3 a4 27. Ne2 Nxd3 28. cxd3 e5 29. Nec3 exf4 30. Rxf4 Ne4 31. Rxf8+ Rxf8 32. Qe1 Nf2+ 33. Kg1 Qb6 34. Nxd5 Nh3+ 35. Kh1 Nf2+ 36. Kg1 Qd4 37. Ne3 Ng4 0-1